| 000 | 01444dam2a22002531 4500 | ||
|---|---|---|---|
| 001 | rc\4099547 | ||
| 005 | 20250611000300.0 | ||
| 035 | _a(NLR Aleph) 007974488 | ||
| 090 |
_a8480519 _c8480519 |
||
| 100 | _a20130415d1967 |||y0rusy50 ca | ||
| 101 | 0 | _arus | |
| 102 | _aRU | ||
| 105 | _ay z ||||| | ||
| 200 | 0 | _a20 | |
| 210 |
_d1967 _aБ. м. |
||
| 300 | _aС 1968 г. изд. хранится в журн. фонде, см. каталог периодических изд. Шифр: П1/387 | ||
| 300 | _aВышло в след. вып.: [5] География и геология; [1] Исторические науки; [2] Математика; [4] Физика; [3] Филологические науки; [6] Философия | ||
| 461 | 0 |
_1001rc\4099542 _12001#$aГерценовские чтения$eМатериалы межвузовской конференции$fЛенингр. ордена Труд. Красного Знамени гос. пед. ин-т им. А.И. Герцена$v20 _98480489 _cЛенинград _d1954-1978 _fЛенингр. ордена Труд. Красного Знамени гос. пед. ин-т им. А.И. Герцена _nБ. и. _oМатериалы межвузовской конференции _tГерценовские чтения _v20 |
|
| 801 | 0 |
_aRU _bNLR _gpsbo |
|
| 801 | 1 |
_aRU _bELAR _2rusmarc |
|
| 852 |
_aNLR _j67-3/2904 |
||
| 942 | _cBOOK | ||
| 980 | _aNB | ||